000
00181 a2200097 4500
020
_a
0757820255
041
_a
eng
100
_a
Coleman, Evelyn
245
_a
One for all
942
_c
BK
999
_c
31345
_d
31343